00588nam a2200193Ia 450000500170000000800410001708200150005810000160007324500650008926000650015430000130021965000120023265000130024465000100025765000110026794200060027895200950028499900150037920240822014551.0240331s9999 xx 000 0 und d bJORa612.6 aJorgensen,V 0aPoor women and health in Bangladesh :b pregnancy and health aStockholmbSwedish International Development Authorityc1983 a101 p ., aSociety aEconomic aWomen aHealth cL 001040708LaWERCLbWERCLcSSCd2024-03-31l0o 612.6 JORp31r2024-03-31w2024-03-31yL c3038d3038